| Tag |
First Indicator |
Second Indicator |
Subfields |
| LEADER |
00000cam a2200000 a 4500 |
| 001 |
in00000034318 |
| 005 |
20151007060652.0 |
| 008 |
880120c19881987utuace b 00000 eng |
| 010 |
|
|
|a 88002402
|
| 020 |
|
|
|a 0879053291 (pbk.) :
|c $10.95
|
| 035 |
|
|
|a (OCoLC)17441332
|
| 035 |
|
|
|9 AAC1402AM
|
| 040 |
|
|
|a DLC
|c DLC
|d TXA
|d UtOrBLW
|
| 043 |
|
|
|a e-uk-st
|
| 049 |
|
|
|a TXAM
|c [A11032910]
|
| 050 |
0 |
0 |
|a NA997.M3
|b G7 1988
|
| 082 |
0 |
|
|a 720/.92/4
|2 19
|
| 100 |
1 |
|
|a Grigg, Jocelyn.
|
| 245 |
1 |
0 |
|a Charles Rennie Mackintosh.
|
| 264 |
|
1 |
|a Salt Lake City :
|b Peregrine Smith Books,
|c 1988
|
| 264 |
|
4 |
|c ©1987
|
| 300 |
|
|
|a 96 pages :
|b illustrations (some color), plans, portraits ;
|c 20 cm.
|
| 336 |
|
|
|a text
|b txt
|2 rdacontent
|
| 337 |
|
|
|a unmediated
|b n
|2 rdamedia
|
| 338 |
|
|
|a volume
|b nc
|2 rdacarrier
|
| 500 |
|
|
|a "Produced in collaboration with Glasgow School of Art"--P. [4] of cover.
|
| 504 |
|
|
|a Bibliography: pages 92-93.
|
| 600 |
1 |
0 |
|a Mackintosh, Charles Rennie,
|d 1868-1928
|x Criticism and interpretation.
|
| 650 |
|
0 |
|a Art nouveau (Architecture)
|z Scotland
|z Glasgow.
|
| 650 |
|
0 |
|a Architecture
|z Scotland
|z Glasgow
|y 19th century.
|
| 650 |
|
0 |
|a Architecture
|z Scotland
|z Glasgow
|y 20th century.
|
| 651 |
|
0 |
|a Glasgow (Scotland)
|x Buildings, structures, etc.
|
| 700 |
1 |
|
|a Mackintosh, Charles Rennie,
|d 1868-1928.
|
| 710 |
2 |
|
|a Glasgow School of Art.
|
| 999 |
|
|
|a MARS
|
| 999 |
f |
f |
|s aa6ffd7c-5af5-3f37-aaff-e0b0d373d9cd
|i 21e5aba0-67e9-30af-9469-d2c785e02fa5
|t 0
|
| 952 |
f |
f |
|p ric
|a Texas A&M University
|b Rellis Campus
|c Joint Library Facility
|d Remote Storage
|t 0
|e NA997.M3 G7 1988
|h Library of Congress classification
|i unmediated -- volume
|m A14811032910
|
| 998 |
f |
f |
|a NA997.M3 G7 1988
|t 0
|l Remote Storage
|